000 00547nam a2200217Ia 4500
003 OSt
005 20220918215748.0
006 a|||||r|||| 00| 0
007 ta
008 220917b |||||||| |||| 00| 0 eng d
024 _a142,550
037 _cTextual
040 _aARTS
_cARTS
_beng
041 _2eng
_aeng
082 _aY1:45:61q226, E6(+).1
245 0 _aOrders of the Coorg police
260 _aNA
_bNA
_c1916
650 _aSOCIOLOGY
942 _hY1:45:61q226, E6(+).1
_cTEXL
_2CC
999 _c265508
_d265508